• 首页
  • 本馆介绍
  • 公告通知
  • 最新文献
  • 馆藏检索
  • 电子资源
  • 读者导购
  • 参考咨询
  • 我的图书馆
  • 登录
  • 详细信息显示
  • 放入我的书架
  • 预约/预借图书
  • 作者相关作品
  • 分类相关作品
  • 丛书相关作品
  • 出版社相关作品

书目信息

  • 表格格式
  • 工作单格式
  • 卡片格式
题名:
百川学海
    
 
作者: 左圭 辑
分册:  
出版信息: 北京   中国书店出版社  1990
页数: 987页
开本: 20cm
丛书名: 海王村古籍丛刊
单 册:
中图分类: Z121.2
科图分类:
主题词: 丛书--中国
电子资源:
ISBN: 7-80568-162-7
000 00594nam0 2200217 450
001 0551391867
005 20051228141919.68
010    @a7-80568-162-7@b精装@dCNY25.00
100    @a20051228d1990 km y0chiy0120 ea
101 0  @achi
102    @aCN@b110000
200 1  @a百川学海@Abai chuan xue hai@f(宋)左圭辑@F(song)zuo gui ji
210    @a北京@c中国书店出版社@d1990
215 1  @a987页@d20cm
225 2  @a海王村古籍丛刊
410  0 @12001 @a海王村古籍丛刊
606 0  @a丛书@x中国
690    @aZ121.2@v4
701  0 @a左圭@Azuo gui@4辑
801  0 @aCN@bPFT@c20051228
905    @a10447@dZ121.2@e42
    
    百川学海/(宋)左圭辑.-北京:中国书店出版社,1990
    987页;20cm.-(海王村古籍丛刊)
    
    
    ISBN 7-80568-162-7(精装):CNY25.00
    
●
相关链接 在E读中查询图书 在五车中查询图书 在当当中查询图书 在豆瓣中查询图书


正题名:百川学海     索取号:Z121.2/42         预约/预借

序号 登录号 条形码 馆藏地/架位号 状态 备注
1 0257166   202182798   密集书库/ [索取号:Z121.2/42] 在馆    
唐山师范学院图书馆 欢迎您!
大连网信软件有限公司© 版权所有